00430nam a2200157Ia 4500001000500000005001700005008004100022041000800063082001700071100002600088245010500114260000900219300002800228650000800256654000800264437320260306145751.0260306t2007||||xx |||||||||||||| ||spa|| aESP a320.985bM97 aMurakami, YusukeeAUT 0aPerú en la era del chino:bla política no institucionalizada y el pueblo en busca de un salvador c2007 a715 páginas :c20 cm. aGEN aCDE